Statistiques concernant Épeler Jeppy

Cliquez ici pour prendre le quiz!

Statistiques générales

  • Ce quiz a été pris 107 fois
  • Le résultat moyen est 11 sur 12

Statistiques - réponses

HintRéponse% Correct
1Jeppy
100%
2Jeppy
94%
3Jeppy
94%
4Jeppy
94%
5Jeppy
94%
6Jeppy
94%
7Jeppy
94%
8Jeppy
92%
9Jeppy
92%
10Jeppy
92%
11Jeppy
92%
12Jeppy
92%

Distribution des résultats

Percentile par nombre de réponses

% des personnes avec chaque résultat

Votre développement - résultats

Vous n’avez pas pris ce quiz